[Event "GBR-ch105 Major Open"]
[Site "Hull"]
[Date "2018.08.01"]
[Round "5"]
[White "Smith, Andrew Philip"]
[Black "Villiers, Thomas"]
[Result "1/2-1/2"]
[WhiteElo "2102"]
[BlackElo "2173"]
[PlyCount "91"]
[EventDate "2018.07.28"]
[EventType "swiss"]
[EventRounds "9"]
[EventCountry "GBR"]
[SourceTitle "CBM 185 Extra"]
[Source "ChessBase"]
[SourceDate "2018.06.29"]
[SourceVersion "1"]
[SourceVersionDate "2018.06.29"]
[SourceQuality "1"]

1. e4 d5 2. exd5 Nf6 3. h3 Qxd5 4. Nc3 Qa5 5. Nf3 c6 6. Bc4 Bf5 7. O-O e6 8. d3
Be7 9. Qe2 Nbd7 10. a3 O-O 11. Nd4 Rfe8 12. Nxf5 Qxf5 13. Ne4 Qh5 14. Nxf6+
Nxf6 15. Qxh5 Nxh5 16. Be3 Nf6 17. Rad1 Nd5 18. Bc1 Bf6 19. d4 Rad8 20. Be2 e5
21. dxe5 Bxe5 22. Bf3 Bf6 23. c4 Nb6 24. b3 Be7 25. Rfe1 Rxd1 26. Rxd1 Rd8 27.
Rxd8+ Bxd8 28. Be3 g6 29. a4 a6 30. a5 Nd7 31. b4 Kf8 32. Kf1 Ke8 33. Bd4 Bc7
34. Ke1 c5 35. bxc5 Bxa5+ 36. Ke2 Bb4 37. Bxb7 Nxc5 38. Bxc5 Bxc5 39. Bxa6 Ke7
40. Bb7 f5 41. g4 Kf6 42. f3 Kg5 43. Bd5 fxg4 44. hxg4 h5 45. gxh5 gxh5 46. Be6
1/2-1/2

[Event "GBR-ch105 Major Open"]
[Site "Hull"]
[Date "2018.08.01"]
[Round "5"]
[White "Stoyanov, Viktor"]
[Black "Shaw, Peter"]
[Result "1/2-1/2"]
[WhiteElo "2177"]
[BlackElo "2093"]
[PlyCount "107"]
[EventDate "2018.07.28"]
[EventType "swiss"]
[EventRounds "9"]
[EventCountry "GBR"]
[SourceTitle "CBM 185 Extra"]
[Source "ChessBase"]
[SourceDate "2018.06.29"]
[SourceVersion "1"]
[SourceVersionDate "2018.06.29"]
[SourceQuality "1"]

1. d4 e6 2. c4 f5 3. Nc3 Nf6 4. f3 d5 5. e3 Bd6 6. Bd3 O-O 7. Nge2 c6 8. O-O
Kh8 9. Qc2 dxc4 10. Bxc4 e5 11. Bd3 g6 12. dxe5 Bxe5 13. e4 fxe4 14. Nxe4 Nxe4
15. Bxe4 Be6 16. Be3 Na6 17. Rfd1 Qc7 18. Bd4 Bxd4+ 19. Nxd4 Bg8 20. Qc3 Qg7
21. Ne2 Qxc3 22. Nxc3 Rad8 23. Kf2 Kg7 24. Ke3 Rfe8 25. Kf2 Nc5 26. Bc2 a5 27.
b3 Kf6 28. Ne4+ Nxe4+ 29. Bxe4 Be6 30. Rac1 a4 31. Bc2 axb3 32. axb3 Rxd1 33.
Rxd1 Ra8 34. Rd2 Ra3 35. b4 Ra2 36. Ke3 Rb2 37. Be4 Rxb4 38. Rd8 Bf5 39. Bxf5
Kxf5 40. g4+ Kf6 41. Rd7 h5 42. gxh5 gxh5 43. Rh7 Rb5 44. Ke4 Rb4+ 45. Ke3 Kg6
46. Rc7 Kf5 47. Rf7+ Ke6 48. Rh7 Rb5 49. Rh6+ Kd7 50. Rh7+ Kd6 51. Rh6+ Ke7 52.
Rh7+ Kf6 53. Ke4 Rb4+ 54. Ke3 1/2-1/2

[Event "GBR-ch105 Major Open"]
[Site "Hull"]
[Date "2018.08.01"]
[Round "5"]
[White "Taylor, Adam A"]
[Black "Guha, Chirag"]
[Result "1-0"]
[WhiteElo "2146"]
[BlackElo "1912"]
[PlyCount "103"]
[EventDate "2018.07.28"]
[EventType "swiss"]
[EventRounds "9"]
[EventCountry "GBR"]
[SourceTitle "CBM 185 Extra"]
[Source "ChessBase"]
[SourceDate "2018.06.29"]
[SourceVersion "1"]
[SourceVersionDate "2018.06.29"]
[SourceQuality "1"]

1. Nf3 d5 2. c4 d4 3. e3 c5 4. b4 Bg4 5. h3 Bxf3 6. Qxf3 Nc6 7. a3 Nf6 8. d3
cxb4 9. Be2 e5 10. O-O bxa3 11. Qg3 Bc5 12. Bf3 Qe7 13. Qxg7 Rg8 14. Bxc6+ bxc6
15. Qh6 e4 16. Bxa3 Rg6 17. Qf4 O-O-O 18. Qf5+ Qd7 19. dxe4 Rdg8 20. Bxc5 Rxg2+
21. Kh1 Qxf5 22. exf5 Ne4 23. Ra2 Nxc5 24. exd4 Ne4 25. Re2 Ng3+ 26. Kxg2 Nxe2+
27. Kf3 Nxd4+ 28. Ke4 Nb3 29. Ke5 a5 30. Nc3 Kd7 31. Kf6 Nc5 32. Kxf7 Ra8 33.
Rd1+ Kc7 34. f6 Nd7 35. Na4 Nxf6 36. Kxf6 Rf8+ 37. Ke7 Rxf2 38. Rd7+ Kb8 39.
Kd6 Rf4 40. Kc5 Rh4 41. Nb6 a4 42. Kxc6 Rh6+ 43. Rd6 Rxd6+ 44. Kxd6 a3 45. Nd7+
Kb7 46. Nc5+ Kb6 47. Nb3 a2 48. c5+ Kb5 49. c6 Kb4 50. Na1 Kc3 51. c7 Kb2 52.
c8=Q 1-0

[Event "GBR-ch105 Major Open"]
[Site "Hull"]
[Date "2018.08.01"]
[Round "5"]
[White "Teh, Eu Wen Aron"]
[Black "Ogunshola, Ben"]
[Result "1-0"]
[WhiteElo "2286"]
[BlackElo "2143"]
[PlyCount "115"]
[EventDate "2018.07.28"]
[EventType "swiss"]
[EventRounds "9"]
[EventCountry "GBR"]
[SourceTitle "CBM 185 Extra"]
[Source "ChessBase"]
[SourceDate "2018.06.29"]
[SourceVersion "1"]
[SourceVersionDate "2018.06.29"]
[SourceQuality "1"]

1. d4 g6 2. c4 Bg7 3. Nc3 d6 4. e4 Nf6 5. Be2 O-O 6. Bg5 h6 7. Be3 c5 8. e5
dxe5 9. dxe5 Qxd1+ 10. Rxd1 Ng4 11. Bxc5 Nxe5 12. Nd5 Na6 13. Bxe7 Re8 14. Ba3
Be6 15. Kf1 Kh7 16. h4 Rac8 17. b3 Nc5 18. Nf3 Bg4 19. Bxc5 Rxc5 20. Nxe5 Bxe2+
21. Kxe2 Rxe5+ 22. Ne3 b5 23. cxb5 Rxb5 24. Rd7 Ra5 25. a4 f5 26. Rc1 f4 27.
Rcc7 fxe3 28. Rxg7+ Kh8 29. Rh7+ Kg8 30. Rcg7+ Kf8 31. Rxa7 exf2+ 32. Kxf2 Rf5+
33. Kg3 Rxa7 34. Rxa7 h5 35. b4 g5 36. hxg5 Rxg5+ 37. Kh3 Ke8 38. b5 Kd8 39. b6
Kc8 40. Rc7+ Kb8 41. Rc4 Kb7 42. Rb4 h4 43. Rxh4 Kxb6 44. Rc4 Rh5+ 45. Kg4 Rh1
46. Kg5 Rd1 47. g4 Rd5+ 48. Kg6 Rd6+ 49. Kh5 Rd1 50. g5 Rh1+ 51. Kg6 Rg1 52.
Kf6 Rf1+ 53. Kg7 Rg1 54. g6 Rg2 55. Kf7 Rf2+ 56. Kg8 Rg2 57. g7 Rg1 58. Rh4 1-0

[Event "GBR-ch105 Major Open"]
[Site "Hull"]
[Date "2018.08.01"]
[Round "5"]
[White "Tomy, Jeff"]
[Black "Verma, Shlok"]
[Result "1/2-1/2"]
[WhiteElo "1683"]
[BlackElo "1623"]
[PlyCount "151"]
[EventDate "2018.07.28"]
[EventType "swiss"]
[EventRounds "9"]
[EventCountry "GBR"]
[SourceTitle "CBM 185 Extra"]
[Source "ChessBase"]
[SourceDate "2018.06.29"]
[SourceVersion "1"]
[SourceVersionDate "2018.06.29"]
[SourceQuality "1"]

1. d4 d5 2. Nf3 Nf6 3. c4 dxc4 4. Qa4+ Nbd7 5. g3 a6 6. Qxc4 b5 7. Qc2 Bb7 8.
Bg2 e6 9. O-O Be7 10. Bf4 c5 11. dxc5 Bxc5 12. Qd1 O-O 13. Bd6 Bxd6 14. Qxd6
Qb6 15. Rd1 Qc5 16. Qxc5 Nxc5 17. b4 Na4 18. Nbd2 h6 19. Nb3 Rac8 20. Rd6 Rfd8
21. Rxd8+ Rxd8 22. Rc1 Rc8 23. Rxc8+ Bxc8 24. e3 Nc3 25. Nc1 Nfd5 26. a3 Nb1
27. Nd4 Nxa3 28. Bxd5 exd5 29. Kf1 Kf8 30. Ke2 Ke7 31. Nd3 Kd6 32. f4 f6 33.
Kf3 h5 34. f5 Nc4 35. Nc5 Ne5+ 36. Ke2 Nc6 37. Nxc6 Kxc6 38. Nb3 Kd6 39. Kd3
Ke5 40. Nc5 Bxf5+ 41. Kc3 Bc8 42. Nd3+ Ke4 43. Nf4 Kxe3 44. Nxd5+ Kf2 45. Nf4
Kg1 46. h4 Bg4 47. Nd5 Kh2 48. Nc7 Bc8 49. Ne8 Kxg3 50. Nxg7 Kxh4 51. Ne8 Kg5
52. Nd6 Be6 53. Kd3 f5 54. Ke2 Kf4 55. Kf2 h4 56. Nb7 Kg4 57. Nc5 Bc8 58. Nd3
f4 59. Ne5+ Kf5 60. Nf3 Ke4 61. Nxh4 Kd3 62. Ng2 Kc4 63. Nxf4 Kxb4 64. Ke1 a5
65. Kd1 Bf5 66. Kc1 Ka3 67. Ne2 b4 68. Nd4 Bd3 69. Kd2 b3 70. Kxd3 b2 71. Nb5+
Kb3 72. Nc3 a4 73. Nb1 a3 74. Nd2+ Ka2 75. Kc2 Ka1 76. Nb3+ 1/2-1/2

[Event "GBR-ch105 Major Open"]
[Site "Hull"]
[Date "2018.08.01"]
[Round "5"]
[White "Turner, Tim M"]
[Black "Howell, Oliver W"]
[Result "0-1"]
[WhiteElo "1805"]
[BlackElo "1905"]
[PlyCount "72"]
[EventDate "2018.07.28"]
[EventType "swiss"]
[EventRounds "9"]
[EventCountry "GBR"]
[SourceTitle "CBM 185 Extra"]
[Source "ChessBase"]
[SourceDate "2018.06.29"]
[SourceVersion "1"]
[SourceVersionDate "2018.06.29"]
[SourceQuality "1"]

1. d4 e6 2. e4 d5 3. Nc3 Bb4 4. exd5 exd5 5. Bd3 Nc6 6. a3 Bxc3+ 7. bxc3 Nge7
8. Qf3 Be6 9. Ne2 Qd7 10. O-O O-O-O 11. a4 Bf5 12. Ng3 Bxd3 13. cxd3 f6 14. a5
a6 15. Re1 h5 16. Ba3 h4 17. Nf1 h3 18. g3 Qf5 19. Qe2 Rhe8 20. Ne3 Qd7 21. Bc5
Nf5 22. Qb2 Nce7 23. Rab1 Qc6 24. Nc2 Nd6 25. Nb4 Qb5 26. Qa2 Nc6 27. Qxd5 Nxb4
28. cxb4 Qxd3 29. Bxd6 cxd6 30. Rbc1+ Kb8 31. Rxe8 Rxe8 32. Qxd6+ Ka8 33. Qf4
Qc3 34. Kf1 Qxb4 35. Qg4 Qb5+ 36. Kg1 Qc6 0-1

[Event "GBR-ch105 Major Open"]
[Site "Hull"]
[Date "2018.08.01"]
[Round "5"]
[White "Vleeshhouwer, Douglas"]
[Black "Ruane, Brendan J"]
[Result "1-0"]
[WhiteElo "1946"]
[BlackElo "1868"]
[PlyCount "54"]
[EventDate "2018.07.28"]
[EventType "swiss"]
[EventRounds "9"]
[EventCountry "GBR"]
[SourceTitle "CBM 185 Extra"]
[Source "ChessBase"]
[SourceDate "2018.06.29"]
[SourceVersion "1"]
[SourceVersionDate "2018.06.29"]
[SourceQuality "1"]

1. e4 e5 2. Nf3 Nc6 3. Bb5 Nge7 4. O-O g6 5. d4 exd4 6. Nxd4 Bg7 7. c3 O-O 8.
Bg5 h6 9. Bh4 g5 10. Bg3 Nxd4 11. cxd4 c5 12. Be5 Bxe5 13. dxe5 Ng6 14. Qd6 Re8
15. Bc4 Kg7 16. Qxc5 Rxe5 17. Qd4 Qf6 18. Nc3 Ne7 19. f4 gxf4 20. Rf3 d5 21.
Nxd5 Nxd5 22. Bxd5 Bg4 23. Rc3 Re7 24. Qd2 Rd8 25. Rd3 Qg5 26. Rf1 f5 27. Qxf4
Be2 1-0

[Event "GBR-ch105 Major Open"]
[Site "Hull"]
[Date "2018.08.01"]
[Round "5"]
[White "Warren, Alexander"]
[Black "Volovich, Julia"]
[Result "1/2-1/2"]
[WhiteElo "2011"]
[BlackElo "1651"]
[PlyCount "81"]
[EventDate "2018.07.28"]
[EventType "swiss"]
[EventRounds "9"]
[EventCountry "GBR"]
[SourceTitle "CBM 185 Extra"]
[Source "ChessBase"]
[SourceDate "2018.06.29"]
[SourceVersion "1"]
[SourceVersionDate "2018.06.29"]
[SourceQuality "1"]

1. d4 f5 2. Bg5 g6 3. e3 Bg7 4. Nc3 Nf6 5. Bxf6 Bxf6 6. Nd5 Bg7 7. h4 c6 8. Nf4
d6 9. Bc4 e5 10. dxe5 Qa5+ 11. c3 dxe5 12. Nh5 Qc7 13. Nxg7+ Qxg7 14. Nf3 b5
15. Bb3 Ke7 16. Qe2 Be6 17. Bxe6 Kxe6 18. a4 a6 19. axb5 cxb5 20. c4 b4 21. c5
a5 22. Qc4+ Ke7 23. Qd5 Ra6 24. Rd1 e4 25. Ne5 Re6 26. Qb7+ Kf6 27. Nd7+ Nxd7
28. Rxd7 Qf8 29. Qd5 Qb8 30. O-O Qe5 31. Qxe5+ Rxe5 32. Rc1 Rc8 33. c6 Re7 34.
Rb7 Rec7 35. Rc5 Rxc6 36. Rxa5 Rc1+ 37. Kh2 R1c2 38. Rb6+ Kg7 39. Ra7+ Kh6 40.
Rbb7 Rh8 41. Rxb4 1/2-1/2

[Event "GBR-ch105 Major Open"]
[Site "Hull"]
[Date "2018.08.01"]
[Round "5"]
[White "Watson, Steven L"]
[Black "Dawson, Euan"]
[Result "1/2-1/2"]
[WhiteElo "1613"]
[BlackElo "1785"]
[PlyCount "70"]
[EventDate "2018.07.28"]
[EventType "swiss"]
[EventRounds "9"]
[EventCountry "GBR"]
[SourceTitle "CBM 185 Extra"]
[Source "ChessBase"]
[SourceDate "2018.06.29"]
[SourceVersion "1"]
[SourceVersionDate "2018.06.29"]
[SourceQuality "1"]

1. c4 e5 2. g3 Nc6 3. Bg2 f5 4. d3 Nf6 5. Nc3 g6 6. Nf3 d6 7. Rb1 Bg7 8. O-O
O-O 9. Bg5 h6 10. Bd2 Qe8 11. e4 g5 12. Ne1 f4 13. Nd5 Qf7 14. Nxf6+ Qxf6 15.
Bc3 g4 16. gxf4 Qxf4 17. Bd2 Qf6 18. f4 exf4 19. Rxf4 Qg6 20. Rxf8+ Kxf8 21.
Bf4 Bd7 22. Nc2 Kg8 23. Qd2 Ne5 24. Kh1 Rf8 25. Rf1 h5 26. b3 h4 27. Bxe5 Rxf1+
28. Bxf1 Bxe5 29. d4 Bg7 30. Qd3 Bc6 31. d5 Bd7 32. Nd4 Be5 33. Nf5 Qg5 34. Qe3
Bf4 35. Qxa7 Qf6 1/2-1/2

[Event "GBR-ch105 Major Open"]
[Site "Hull"]
[Date "2018.08.01"]
[Round "5"]
[White "Wilson, Matthew R"]
[Black "Rice, Christopher B"]
[Result "0-1"]
[WhiteElo "1816"]
[BlackElo "1972"]
[PlyCount "102"]
[EventDate "2018.07.28"]
[EventType "swiss"]
[EventRounds "9"]
[EventCountry "GBR"]
[SourceTitle "CBM 185 Extra"]
[Source "ChessBase"]
[SourceDate "2018.06.29"]
[SourceVersion "1"]
[SourceVersionDate "2018.06.29"]
[SourceQuality "1"]

1. e4 a6 2. d4 e6 3. Bd3 d5 4. exd5 exd5 5. Nf3 Bd6 6. O-O Bg4 7. Re1+ Ne7 8.
c4 dxc4 9. Bxc4 O-O 10. h3 Bh5 11. Nc3 Nbc6 12. g4 Bg6 13. d5 Nb8 14. b3 Nd7
15. Bb2 b5 16. Bf1 Nb6 17. Qd4 f6 18. Bg2 Qd7 19. Rad1 Rad8 20. Ng5 b4 21. Ne6
bxc3 22. Bxc3 Rde8 23. Nxf8 Rxf8 24. Kh1 Bf7 25. Qd3 Bxd5 26. Qxa6 Bxg2+ 27.
Kxg2 Qc6+ 28. Kg1 Qxc3 29. Re3 Qc6 30. Qd3 Nbd5 31. Re4 Nf4 32. Qc4+ Qxc4 33.
Rxc4 Nxh3+ 34. Kf1 Ra8 35. a4 Ng5 36. Ra1 Nd5 37. a5 Ra6 38. Rd4 Nb4 39. Rdd1
Ne6 40. Kg1 Nc5 41. g5 Nxb3 42. Rab1 Nxa5 43. gxf6 gxf6 44. Rd4 Nac6 45. Rg4+
Kf7 46. Rh4 Ra5 47. Rxh7+ Kg6 48. Rh8 Rg5+ 49. Kf1 Rh5 50. Rg8+ Kf5 51. Ra1
Rh1+ 0-1

[Event "GBR-ch105 Major Open"]
[Site "Hull"]
[Date "2018.08.01"]
[Round "5"]
[White "Yoon, Jacob D"]
[Black "Somton, Anita"]
[Result "1-0"]
[WhiteElo "2039"]
[BlackElo "1843"]
[PlyCount "79"]
[EventDate "2018.07.28"]
[EventType "swiss"]
[EventRounds "9"]
[EventCountry "GBR"]
[SourceTitle "CBM 185 Extra"]
[Source "ChessBase"]
[SourceDate "2018.06.29"]
[SourceVersion "1"]
[SourceVersionDate "2018.06.29"]
[SourceQuality "1"]

1. e4 c6 2. Nc3 d5 3. d4 dxe4 4. Nxe4 Bf5 5. Ng3 Bg6 6. Nf3 Nd7 7. h4 h6 8. h5
Bh7 9. Bd3 Bxd3 10. Qxd3 e6 11. Bf4 Ngf6 12. c4 Bb4+ 13. Bd2 Bd6 14. O-O-O Qc7
15. Ne2 c5 16. Nc3 a6 17. d5 e5 18. Nh4 O-O-O 19. Nf5 Bf8 20. f3 Kb8 21. Kb1
Nb6 22. Rde1 Ne8 23. Ne4 f6 24. Ba5 Nd6 25. Nfxd6 Bxd6 26. Nc3 Be7 27. Na4 Rd6
28. f4 Bd8 29. Bxb6 Rxb6 30. Nxb6 Qxb6 31. fxe5 fxe5 32. Rxe5 Bf6 33. Re2 Rd8
34. Qc2 Ka7 35. a3 a5 36. Rhe1 Bh4 37. Re6 Qc7 38. R1e2 Bf6 39. Qa4 b6 40. Qb5
1-0

[Event "GBR-ch105 Major Open"]
[Site "Hull"]
[Date "2018.08.02"]
[Round "6"]
[White "Akeya Price, Robert A"]
[Black "Nelson, Omowale"]
[Result "0-1"]
[WhiteElo "1820"]
[BlackElo "1966"]
[PlyCount "136"]
[EventDate "2018.07.28"]
[EventType "swiss"]
[EventRounds "9"]
[EventCountry "GBR"]
[SourceTitle "CBM 185 Extra"]
[Source "ChessBase"]
[SourceDate "2018.06.29"]
[SourceVersion "1"]
[SourceVersionDate "2018.06.29"]
[SourceQuality "1"]

1. d4 d5 2. c4 dxc4 3. e3 Nf6 4. Bxc4 e6 5. Nf3 a6 6. a4 c5 7. Nc3 Nc6 8. O-O
Be7 9. Re1 O-O 10. h3 b6 11. dxc5 Bxc5 12. Qxd8 Rxd8 13. Bd2 Bb7 14. Rad1 Nb4
15. Be2 Nd3 16. Bxd3 Rxd3 17. Ne5 Rdd8 18. Bc1 Nd5 19. Bd2 Rac8 20. Nxd5 Bxd5
21. Bc3 a5 22. Rb1 Bb3 23. Ra1 f6 24. Nf3 e5 25. Nd2 Bc2 26. Rec1 Bg6 27. g4
Be7 28. Nf3 Be4 29. Nd2 Bd3 30. Nf3 Be2 31. Ne1 Rd7 32. f3 Rcd8 33. Kf2 Bd1 34.
Kg2 Bc5 35. Kf2 Bb3 36. Ke2 Bc4+ 37. Kf2 Ba6 38. Nc2 Rd3 39. h4 Bc4 40. Kg3 Bb3
41. e4 Kf7 42. Kg2 Rd2+ 43. Bxd2 Rxd2+ 44. Kg3 Rxc2 45. Rxc2 Bxc2 46. Kg2 Ke6
47. Kf1 g6 48. Ke2 f5 49. exf5+ gxf5 50. g5 e4 51. f4 Bd3+ 52. Kd2 Bf2 53. h5
Bc4 54. Kc3 Ba6 55. Kd2 e3+ 56. Kd1 e2+ 57. Kd2 e1=Q+ 58. Rxe1+ Bxe1+ 59. Kxe1
Bc4 60. Kd2 Bb3 61. Kc3 Bxa4 62. Kc4 Be8 63. h6 Kd6 64. b3 b5+ 65. Kc3 Kc5 66.
Kd3 b4 67. Kc2 Kd4 68. Kd2 Ke4 0-1

[Event "GBR-ch105 Major Open"]
[Site "Hull"]
[Date "2018.08.02"]
[Round "6"]
[White "Anilkumar, Anantha P"]
[Black "Jamroz, Viktor"]
[Result "1/2-1/2"]
[WhiteElo "1903"]
[BlackElo "1719"]
[PlyCount "38"]
[EventDate "2018.07.28"]
[EventType "swiss"]
[EventRounds "9"]
[EventCountry "GBR"]
[SourceTitle "CBM 185 Extra"]
[Source "ChessBase"]
[SourceDate "2018.06.29"]
[SourceVersion "1"]
[SourceVersionDate "2018.06.29"]
[SourceQuality "1"]

1. d4 Nf6 2. c4 c5 3. d5 e6 4. Nc3 exd5 5. cxd5 d6 6. e4 g6 7. f4 Bg7 8. Nf3
O-O 9. Bd3 Bg4 10. O-O a6 11. h3 Bxf3 12. Qxf3 b5 13. Be3 Nbd7 14. a3 Nb6 15.
e5 Nfd7 16. e6 c4 17. Be4 f5 18. Bc2 Nc5 19. Rfe1 Qe7 1/2-1/2

[Event "GBR-ch105 Major Open"]
[Site "Hull"]
[Date "2018.08.02"]
[Round "6"]
[White "Boswell, Jacob Connor"]
[Black "Metcalfe, Charles P"]
[Result "1-0"]
[WhiteElo "1992"]
[BlackElo "1762"]
[PlyCount "34"]
[EventDate "2018.07.28"]
[EventType "swiss"]
[EventRounds "9"]
[EventCountry "GBR"]
[SourceTitle "CBM 185 Extra"]
[Source "ChessBase"]
[SourceDate "2018.06.29"]
[SourceVersion "1"]
[SourceVersionDate "2018.06.29"]
[SourceQuality "1"]

1. c4 e5 2. g3 Nf6 3. Bg2 c6 4. Nf3 e4 5. Nd4 Qb6 6. Nc2 d6 7. O-O Be7 8. Nc3
Bf5 9. Ne3 Bg6 10. Qc2 Qd4 11. b3 d5 12. cxd5 Nxd5 13. Ncxd5 Qxa1 14. Bb2 Qxa2
15. Ra1 Qxb2 16. Qxb2 cxd5 17. Nxd5 Kd7 1-0

[Event "GBR-ch105 Major Open"]
[Site "Hull"]
[Date "2018.08.02"]
[Round "6"]
[White "Brown, Tom"]
[Black "Orgler, Philipp"]
[Result "1-0"]
[WhiteElo "1781"]
[BlackElo "2050"]
[PlyCount "69"]
[EventDate "2018.07.28"]
[EventType "swiss"]
[EventRounds "9"]
[EventCountry "GBR"]
[SourceTitle "CBM 185 Extra"]
[Source "ChessBase"]
[SourceDate "2018.06.29"]
[SourceVersion "1"]
[SourceVersionDate "2018.06.29"]
[SourceQuality "1"]

1. d4 d5 2. c4 e6 3. Nc3 c5 4. cxd5 exd5 5. Nf3 Nc6 6. e3 Nf6 7. Be2 a6 8. O-O
Bd6 9. dxc5 Bxc5 10. a3 O-O 11. b4 Ba7 12. Bb2 b5 13. Rc1 Bb7 14. Qb3 Qe7 15.
Rfd1 Rad8 16. Bf1 d4 17. exd4 Nxd4 18. Nxd4 Bxd4 19. h3 Rfe8 20. Rd2 Ba7 21.
Re2 Qd6 22. Rd1 Qc7 23. Rxd8 Rxd8 24. Nd1 Ne4 25. Ne3 h5 26. Nf5 Bb8 27. g3 Ng5
28. Bg2 Bxg2 29. Kxg2 Qb7+ 30. f3 h4 31. Qc3 Ne6 32. Nxg7 Nd4 33. Nf5 Ba7 34.
Rd2 Rc8 35. Qxc8+ 1-0

[Event "GBR-ch105 Major Open"]
[Site "Hull"]
[Date "2018.08.02"]
[Round "6"]
[White "Cocks, Elliot"]
[Black "Nayak, Raghav"]
[Result "1/2-1/2"]
[WhiteElo "1985"]
[BlackElo "1901"]
[PlyCount "152"]
[EventDate "2018.07.28"]
[EventType "swiss"]
[EventRounds "9"]
[EventCountry "GBR"]
[SourceTitle "CBM 185 Extra"]
[Source "ChessBase"]
[SourceDate "2018.06.29"]
[SourceVersion "1"]
[SourceVersionDate "2018.06.29"]
[SourceQuality "1"]

1. e4 e5 2. Nf3 Nc6 3. Bc4 Nf6 4. d3 Be7 5. c3 O-O 6. O-O d6 7. h3 Na5 8. Bb3
Nxb3 9. axb3 c5 10. Re1 b5 11. Na3 Bd7 12. d4 Qc7 13. Bg5 Rfd8 14. Bh4 Bc6 15.
d5 Be8 16. Nc2 g6 17. b4 c4 18. Bxf6 Bxf6 19. Ra5 Rab8 20. Ne3 Bg7 21. Qc2 Rb7
22. Rea1 Rd7 23. Qe2 Bh6 24. Ng4 Bg7 25. Qe3 f6 26. Qe2 Qd8 27. Ne3 Rdc7 28.
Ra6 Qe7 29. Nf1 f5 30. exf5 gxf5 31. Ng3 Bg6 32. h4 h6 33. h5 Bh7 34. Qc2 Qf6
35. Re1 Qf8 36. Nh4 Rf7 37. Rea1 e4 38. Ng6 Bxg6 39. hxg6 Rfd7 40. Qe2 Be5 41.
Nf1 Kg7 42. Qh5 Bf4 43. g4 fxg4 44. Qxg4 Qf6 45. Ng3 Bxg3 46. Qxg3 Qxg6 47. Re1
Rb6 48. Qxg6+ Kxg6 49. Rxb6 axb6 50. Rxe4 Kf5 51. Re8 Ra7 52. Rh8 Ke5 53. Rxh6
Kxd5 54. Rh4 Ra2 55. Rd4+ Ke6 56. Rd2 d5 57. Kg2 Ke5 58. Kf3 Ra7 59. Ke3 Rf7
60. f3 Rh7 61. Rg2 Rh3 62. Rg6 Rh2 63. Rxb6 Rxb2 64. Rxb5 Rc2 65. f4+ Kd6 66.
Rb6+ Kc7 67. Rh6 Rxc3+ 68. Kd4 Rb3 69. Kxd5 Rxb4 70. Kc5 Rb1 71. Rh7+ Kd8 72.
Kxc4 Rf1 73. Rf7 Ke8 74. Rf5 Ke7 75. Kd4 Ke6 76. Re5+ Kf6 1/2-1/2

[Event "GBR-ch105 Major Open"]
[Site "Hull"]
[Date "2018.08.02"]
[Round "6"]
[White "Collins, Jonathan L"]
[Black "Modi, Shyam Jagdish"]
[Result "0-1"]
[WhiteElo "1804"]
[BlackElo "1973"]
[PlyCount "88"]
[EventDate "2018.07.28"]
[EventType "swiss"]
[EventRounds "9"]
[EventCountry "GBR"]
[SourceTitle "CBM 185 Extra"]
[Source "ChessBase"]
[SourceDate "2018.06.29"]
[SourceVersion "1"]
[SourceVersionDate "2018.06.29"]
[SourceQuality "1"]

1. e4 c5 2. d4 cxd4 3. f4 Nc6 4. Nf3 d5 5. e5 Bg4 6. Nbd2 e6 7. Bd3 Nh6 8. h3
Bf5 9. Bb5 Qb6 10. Bxc6+ bxc6 11. Nb3 c5 12. O-O Be4 13. g4 d3 14. cxd3 c4+ 15.
Nbd4 Bxf3 16. Qa4+ Kd8 17. Rxf3 Bc5 18. dxc4 Bxd4+ 19. Kh1 dxc4 20. Bd2 a5 21.
Rd1 Ke7 22. Be3 Rhd8 23. Qa3+ Ke8 24. Qa4+ Kf8 25. Qa3+ Kg8 26. f5 Bxe3 27.
Rxd8+ Rxd8 28. Qxe3 Qxb2 29. Rf2 Qb7+ 30. Kh2 Qd5 31. f6 Qd4 32. Qxd4 Rxd4 33.
Rb2 Rd8 34. Rb5 Rc8 35. Kg3 c3 36. Rb1 gxf6 37. exf6 Kf8 38. Kf4 c2 39. Rc1 Ke8
40. Kg5 Ng8 41. Kf4 Nxf6 42. Kg5 Nd5 43. a3 Nc3 44. Kh6 Ne2 0-1

[Event "GBR-ch105 Major Open"]
[Site "Hull"]
[Date "2018.08.02"]
[Round "6"]
[White "Cooper, John G ENG"]
[Black "Cowan, Richard M"]
[Result "0-1"]
[WhiteElo "2192"]
[BlackElo "1865"]
[PlyCount "94"]
[EventDate "2018.07.28"]
[EventType "swiss"]
[EventRounds "9"]
[EventCountry "GBR"]
[SourceTitle "CBM 185 Extra"]
[Source "ChessBase"]
[SourceDate "2018.06.29"]
[SourceVersion "1"]
[SourceVersionDate "2018.06.29"]
[SourceQuality "1"]

1. e4 c6 2. d4 d5 3. exd5 cxd5 4. c4 Nf6 5. Nc3 e6 6. Nf3 Bb4 7. cxd5 Qxd5 8.
Bd3 O-O 9. O-O Qh5 10. Bg5 Nbd7 11. Ne4 Nxe4 12. Bxe4 h6 13. Qb3 Bd6 14. Bh4
Rb8 15. Rfe1 b5 16. h3 b4 17. Rac1 Bb7 18. g4 Qb5 19. a4 Qb6 20. Bxb7 Qxb7 21.
Ne5 Bxe5 22. dxe5 Rfc8 23. Qe3 Nb6 24. b3 Nd5 25. Qe4 Rc3 26. Rb1 Rbc8 27. g5
hxg5 28. Bxg5 Rxh3 29. Qg2 Rh5 30. Rbc1 Rc3 31. Bf6 g6 32. Rxc3 bxc3 33. Qe4
Qb6 34. Rc1 Qb8 35. Kf1 Nxf6 36. exf6 Qxb3 37. Qc6 Kh7 38. Qxc3 Qxa4 39. Qc7
Qb5+ 40. Rc4 Qb1+ 41. Ke2 Qb2+ 42. Kf1 Qa1+ 43. Ke2 Re5+ 44. Kd2 Rd5+ 45. Kc2
Qxf6 46. f4 a5 47. Qb8 Qf5+ 0-1

[Event "GBR-ch105 Major Open"]
[Site "Hull"]
[Date "2018.08.02"]
[Round "6"]
[White "Cusick, Peter W"]
[Black "Garnett, John S"]
[Result "1-0"]
[WhiteElo "1947"]
[BlackElo "1916"]
[PlyCount "61"]
[EventDate "2018.07.28"]
[EventType "swiss"]
[EventRounds "9"]
[EventCountry "GBR"]
[SourceTitle "CBM 185 Extra"]
[Source "ChessBase"]
[SourceDate "2018.06.29"]
[SourceVersion "1"]
[SourceVersionDate "2018.06.29"]
[SourceQuality "1"]

1. d4 Nf6 2. Nf3 d5 3. c4 c6 4. Qc2 dxc4 5. Qxc4 Bf5 6. g3 e6 7. Bg2 Nbd7 8.
O-O Nb6 9. Qb3 Be7 10. Nc3 O-O 11. Rd1 Nfd5 12. Ne5 Nxc3 13. bxc3 Qc8 14. e4
Bg6 15. Nxg6 hxg6 16. Be3 c5 17. d5 exd5 18. exd5 c4 19. Qb5 Bf6 20. a4 Qe8 21.
Qb4 Be7 22. d6 Bd8 23. a5 Nd7 24. Qxc4 Bf6 25. Bxb7 Rb8 26. a6 Ne5 27. Qd5 Ng4
28. Bxa7 Bxc3 29. Rac1 Bb2 30. Rc2 Nf6 31. Qd3 1-0

[Event "GBR-ch105 Major Open"]
[Site "Hull"]
[Date "2018.08.02"]
[Round "6"]
[White "Dawson, Euan"]
[Black "Wilson, Matthew R"]
[Result "1/2-1/2"]
[WhiteElo "1785"]
[BlackElo "1816"]
[PlyCount "93"]
[EventDate "2018.07.28"]
[EventType "swiss"]
[EventRounds "9"]
[EventCountry "GBR"]
[SourceTitle "CBM 185 Extra"]
[Source "ChessBase"]
[SourceDate "2018.06.29"]
[SourceVersion "1"]
[SourceVersionDate "2018.06.29"]
[SourceQuality "1"]

1. e4 c5 2. Nc3 Nc6 3. g3 g6 4. Bg2 Bg7 5. Nge2 e6 6. O-O Nge7 7. d3 O-O 8. Be3
d6 9. Qd2 Nd4 10. Nf4 Bd7 11. Rab1 Nec6 12. a3 Rb8 13. Nh3 Re8 14. f4 f5 15.
Nf2 b5 16. Ne2 a5 17. Nxd4 Nxd4 18. Bxd4 Bxd4 19. c3 Bg7 20. d4 Qb6 21. dxc5
Qxc5 22. Rfd1 Qb6 23. Kh1 Bc8 24. Nd3 Qc7 25. Rbc1 e5 26. exf5 gxf5 27. Ne1 e4
28. Nc2 Be6 29. Nd4 Bxd4 30. cxd4 Qa7 31. d5 Bc8 32. Qd4 Rb7 33. Qxa7 Rxa7 34.
Rc6 Ra6 35. Rc2 Bd7 36. Rc7 Rd8 37. Bf1 Raa8 38. Rdc1 b4 39. axb4 axb4 40. Rb7
Ra5 41. Rxb4 Kf8 42. Rd4 Ra2 43. Rb1 Rb8 44. b4 Bb5 45. Bxb5 Rxb5 46. Kg1 h5
47. Rb3 1/2-1/2